Statistics for Guess the Arknights Operator by their weapon

Click here to take the quiz!

General Stats

  • This quiz has been taken 198 times
  • The average score is 19 of 40

Answer Stats

HintAnswer% Correct
Chi XiaoCh'en
89%
ChainsawBlaze
85%
Mon3trKal'tsit
79%
ScytheLa Pluma
73%
Victorian BannerSaileach
69%
ShotgunExecutor
67%
FlamethrowerIfrit
67%
LævateinnSurtr
63%
KnucklesMountain
62%
Black Lock & White KeyMostima
60%
Water CannonWeedy
60%
Hammer, Knives, & SpearCeobe
59%
Raging Ironhide/Big Ugly ThingEunectes
58%
VectorExusiai
55%
GunlanceBagpipe
54%
BookIstina
54%
SledgehammerSiege
53%
Tail StingerManticore
52%
Rapier & Hand CannonIrene
49%
Buzz SawSpecter
49%
MeeboosMayer
47%
HarpoonRosa
47%
"Typewriter"Pozyomka
44%
Cane & TenzinSilverash
43%
Giant Iron GlovesFEater
42%
HannyaHoshiguma
41%
G52-Tactical Light ShieldBlitz
35%
NaginataSaga
35%
Paralytic PoisonThorns
35%
Claw Hook & Electric NetSnowsant
33%
Electric DrillBroca
29%
Giant ScissorsKafka
29%
CrossbowSchwarz
29%
NailgunAosta
27%
Origami ArtsKazemaru
25%
Modified Ink CrossbowAndreana
23%
WrenchChiave
22%
LanceGladiia
18%
Parasol & FanMr. Nothing
15%
Tactical EquipmentRosmontis
13%

Score Distribution

Percentile by Number Answered

Percent of People with Each Score

Your Score History

You have not taken this quiz